000 00545nam a2200241Ia 4500
005 20250425160847.0
008 250425s9999 xx 000 0 und d
020 _a9686630120
041 _aspa
082 _a515
100 _aLANG, SERGE
245 0 _aCALCULO II
250 _a1A ED.
260 _aMEXICO
260 _aMéxico
_bFONDO EDUCATIVO INTERAMERICANO
_c1976
300 _a364
650 _aDERIVADAS
650 _aMATRICES
650 _aVECTORES
700 _aHUGO PEREYRA
_etraductor
942 _c01
010 _a7049
999 _c197685
_d197685